Ayuda sensorial para el ciego que camina
Na minha lista:
| Autor principal: | |
|---|---|
| Formato: | Livro |
| Publicado em: |
[San José , Costa Rica]
1971
|
| Tags: |
Adicionar Tag
Sem tags, seja o primeiro a adicionar uma tag!
|
MARC
| LEADER | 00000nam a2200000Ia 4500 | ||
|---|---|---|---|
| 003 | PIM034 | ||
| 005 | 20231115084209.0 | ||
| 008 | 140116s1971 c a m 000 ||s d | ||
| 040 | |c cru CEDI | ||
| 090 | |a PIM 34 | ||
| 100 | |a Chacón Outten, Gonzalo |9 18188 | ||
| 245 | |a Ayuda sensorial para el ciego que camina | ||
| 260 | |a [San José , Costa Rica] |c 1971 | ||
| 500 | |a A la cabeza de la portada. Universidad de Costa Rica. Departamento de Ingeniería Eléctrica y Mecánica. Proyecto A | ||
| 942 | |c PIM |i PIM-34 |k PIM034 |6 PIM_34 | ||
| 999 | |c 13414 |d 13414 | ||
